[Event "WTCC-65 2018"]
[Site "Radebeul"]
[Date "2018.07.15"]
[Round "9"]
[White "Boidman, Yuri"]
[Black "Vucenovic, Dragomir"]
[Result "1-0"]
[WhiteElo "2358"]
[BlackElo "2186"]
[Annotator "NA"]
[PlyCount "85"]
[EventDate "2018.07.07"]
[EventType "team-tourn"]
[EventCountry "GER"]
[SourceTitle "playchess.com"]
[Source "ChessBase"]
[SourceQuality "1"]
[TimeControl "40/5400+30:1800+30"]

1. d4 {[%emt 0:00:00]} d5 {[%emt 0:00:00]} 2. c4 {[%emt 0:00:00]} c6 {[%emt 0:00:18]} 3. cxd5 {[%emt 0:00:00]} cxd5 {[%emt 0:00:11]} 4. Nc3 {[%emt 0:00:00]} Nc6 {[%emt 0:01:15]} 5. e4 {[%emt 0:00:13]} e6 {[%emt 0:01:00]} 6. e5 {[%emt 0:00:43]} f5 {[%emt 0:00:15]} 7. a3 {[%emt 0:02:53]} a6 {[%emt 0:01:56]} 8. Nf3 {[%emt 0:01:27]} g6 {[%emt 0:04:57]} 9. h4 {[%emt 0:00:44]} h5 {[%emt 0:03:28]} 10. Ne2 {[%emt 0:01:32]} Bd7 {[%emt 0:06:24]} 11. Nf4 {[%emt 0:00:35]} Nce7 {[%emt 0:14:14]} 12. Qb3 {[%emt 0:06:11]} Nh6 {[%emt 0:12:03]} 13. Ng5 {[%emt 0:03:32]} Qc8 {[%emt 0:04:42]} 14. Bd2 {[%emt 0:14:18]} Rg8 {[%emt 0:07:38]} 15. Rc1 {[%emt 0:02:39]} Nc6 {[%emt 0:00:14]} 16. Be2 {[%emt 0:02:19]} Ng4 {[%emt 0:08:59]} 17. Nxd5 {[%emt 0:15:22]} exd5 {[%emt 0:00:58]} 18. Qxd5 {[%emt 0:00:11]} Rg7 {[%emt 0:01:27]} 19. f3 {[%emt 0:05:55]} Ngxe5 {[%emt 0:03:46]} 20. dxe5 {[%emt 0:00:36]} Re7 {[%emt 0:00:18]} 21. Kf2 {[%emt 0:05:12]} Be6 {[%emt 0:02:41]} 22. Nxe6 {[%emt 0:00:10]} Qxe6 {[%emt 0:00:44]} 23. Qxe6 {[%emt 0:00:29]} Rxe6 {[%emt 0:00:06]} 24. f4 {[%emt 0:00:16]} Rd8 {[%emt 0:03:45]} 25. Be3 {[%emt 0:02:51]} Ne7 {[%emt 0:09:57]} 26. Rhd1 {[%emt 0:05:38]} Rxd1 {[%emt 0:01:29]} 27. Bxd1 {[%emt 0:00:50]} Rc6 {[%emt 0:00:52]} 28. Ba4 {[%emt 0:01:22]} b5 {[%emt 0:00:10]} 29. Rxc6 {[%emt 0:00:54]} Nxc6 {[%emt 0:00:04]} 30. Bb3 {[%emt 0:00:13]} Na5 {[%emt 0:00:53]} 31. Bd5 {[%emt 0:01:46]} Be7 {[%emt 0:04:19]} 32. g3 {[%emt 0:00:33]} Nc4 {[%emt 0:01:51]} 33. Bd4 {[%emt 0:01:00]} Nd2 {[%emt 0:02:07]} 34. Ke2 {[%emt 0:08:06]} Ne4 {[%emt 0:00:08]} 35. Bxe4 {[%emt 0:08:14]} fxe4 {[%emt 0:00:08]} 36. e6 {[%emt 0:00:12]} Bd8 {[%emt 0:01:14]} 37. Bc5 {[%emt 0:00:28]} Bf6 {[%emt 0:00:01]} 38. b3 {[%emt 0:02:55]} Be7 {[%emt 0:02:55]} 39. Bxe7 {[%emt 0:01:22]} Kxe7 {[%emt 0:00:01]} 40. Ke3 {[%emt 0:00:10]} Kxe6 {[%emt 0:00:24]} 41. Kxe4 {[%emt 0:30:07]} a5 {[%emt 0:30:33]} 42. b4 {[%emt 0:01:41]} a4 {[%emt 0:00:00]} 43. Kf3 {[%emt 0:00:00]} 1-0

[Event "WTCC-65 2018"]
[Site "Radebeul"]
[Date "2018.07.15"]
[Round "9"]
[White "Karasev, Vladimir I"]
[Black "Povah, Nigel E"]
[Result "1/2-1/2"]
[WhiteElo "2337"]
[BlackElo "2245"]
[Annotator "NA"]
[PlyCount "26"]
[EventDate "2018.07.07"]
[EventType "team-tourn"]
[EventCountry "GER"]
[SourceTitle "playchess.com"]
[Source "ChessBase"]
[SourceQuality "1"]
[TimeControl "40/5400+30:1800+30"]

1. Nf3 {[%emt 0:00:00]} d5 {[%emt 0:00:00]} 2. g3 {[%emt 0:00:00]} Bg4 {[%emt 0:00:00]} 3. Bg2 {[%emt 0:00:00]} Nd7 {[%emt 0:00:00]} 4. c4 {[%emt 0:00:16]} e6 {[%emt 0:01:02]} 5. cxd5 {[%emt 0:06:10]} exd5 {[%emt 0:00:06]} 6. Qa4 {[%emt 0:10:55]} Ngf6 {[%emt 0:01:24]} 7. h3 {[%emt 0:04:03]} Bxf3 {[%emt 0:12:40]} 8. Bxf3 {[%emt 0:00:12]} c6 {[%emt 0:00:18]} 9. d3 {[%emt 0:01:36]} Bd6 {[%emt 0:01:40]} 10. Nc3 {[%emt 0:00:45]} Qe7 {[%emt 0:01:30]} 11. O-O {[%emt 0:02:05]} O-O {[%emt 0:06:31]} 12. Bg2 {[%emt 0:01:27]} Rfe8 {[%emt 0:01:02]} 13. Bf4 {[%emt 0:03:59]} Nc5 {[%emt 0:07:44]} 1/2-1/2

[Event "WTCC-65 2018"]
[Site "Radebeul"]
[Date "2018.07.15"]
[Round "9"]
[White "Buchal, Stephan"]
[Black "Bosbach, Gerhard"]
[Result "1-0"]
[WhiteElo "2329"]
[BlackElo "2119"]
[Annotator "NA"]
[PlyCount "97"]
[EventDate "2018.07.07"]
[EventType "team-tourn"]
[EventCountry "GER"]
[SourceTitle "playchess.com"]
[Source "ChessBase"]
[SourceQuality "1"]
[TimeControl "40/5400+30:1800+30"]

1. c4 {[%emt 0:00:00]} Nf6 {[%emt 0:00:00]} 2. g3 {[%emt 0:00:00]} c6 {[%emt 0:00:25]} 3. Nf3 {[%emt 0:00:09]} d5 {[%emt 0:00:42]} 4. Bg2 {[%emt 0:00:16]} g6 {[%emt 0:00:53]} 5. b3 {[%emt 0:00:33]} Bg7 {[%emt 0:00:27]} 6. Bb2 {[%emt 0:00:11]} O-O {[%emt 0:00:21]} 7. O-O {[%emt 0:00:15]} Re8 {[%emt 0:04:41]} 8. Qc2 {[%emt 0:04:02]} Nbd7 {[%emt 0:11:25]} 9. Nc3 {[%emt 0:04:22]} Nb6 {[%emt 0:04:49] A11: Reti-Eröffnung} (9... dxc4 10. bxc4 e5 11. d3 Nc5 12. Rfd1 Qc7 13. Rab1 Bf5 14. Nh4 Be6 15. Ba3 Bf8 16. Na4 Nfd7 17. Nc3 {1-0 (57) Mamedov,R (2639)-Mekhitarian,K (2589) Arlington 2015}) 10. d3 {[%emt 0:06:20]} e5 {[%emt 0:05:07]} 11. cxd5 {[%emt 0:03:57]} Nfxd5 {[%emt 0:11:57]} 12. Ne4 {[%emt 0:06:59]} f5 $146 {[%emt 0:04:49]} ({Vorgänger:} 12... Bg4 13. h3 Bxf3 14. Bxf3 Qe7 15. a3 Nc7 16. Nc5 Ne6 17. Nxe6 Qxe6 {½-½ (31) Gullotto,V (2289)-Van de Haak,G (2222) ICCF email 2011}) 13. Nc5 {[%emt 0:11:32]} Nb4 {[%emt 0:28:52]} 14. Qd2 {[%emt 0:07:07]} a5 {[%emt 0:01:39]} 15. a3 {[%emt 0:01:43]} Na6 {[%emt 0:03:17]} 16. Nxa6 {[%emt 0:11:06]} Rxa6 {[%emt 0:00:21]} 17. Qc2 {[%emt 0:02:12]} Qe7 {[%emt 0:06:24]} 18. e4 {[%emt 0:09:26]} fxe4 {[%emt 0:02:56]} 19. dxe4 {[%emt 0:00:03]} Bg4 {[%emt 0:00:11]} 20. h3 {[%emt 0:02:52]} Bc8 {[%emt 0:01:07]} 21. a4 {[%emt 0:04:43]} Qf6 {[%emt 0:04:59]} 22. Kh2 {[%emt 0:05:36]} Bf8 {[%emt 0:01:40]} 23. Bc3 {[%emt 0:06:49]} Bb4 {[%emt 0:00:54]} 24. Bxb4 {[%emt 0:00:46]} axb4 {[%emt 0:00:01]} 25. a5 {[%emt 0:00:16]} Nd7 {[%emt 0:00:30]} 26. Qc4+ {[%emt 0:00:17]} Kg7 {[%emt 0:00:46]} 27. Qxb4 {[%emt 0:00:05]} Nf8 {[%emt 0:00:15]} 28. Qc3 {[%emt 0:03:23]} b6 {[%emt 0:01:37]} 29. b4 {[%emt 0:00:58]} Nd7 {[%emt 0:00:45]} 30. Rfc1 {[%emt 0:04:13]} bxa5 {[%emt 0:00:23]} 31. bxa5 {[%emt 0:00:28]} c5 {[%emt 0:00:12]} 32. Qe3 {[%emt 0:01:44]} Rc6 {[%emt 0:00:16]} 33. Nd2 {[%emt 0:01:02]} Ba6 {[%emt 0:00:09]} 34. Rc3 {[%emt 0:00:51]} c4 {[%emt 0:00:33]} 35. Bf1 {[%emt 0:01:06]} Rec8 {[%emt 0:00:10]} 36. Be2 {[%emt 0:01:01]} h5 {[%emt 0:00:10]} 37. f4 {[%emt 0:00:47]} Qd6 {[%emt 0:00:39]} 38. Nf3 {[%emt 0:00:24]} Qc5 {[%emt 0:01:02]} 39. Rd1 {[%emt 0:00:25]} R8c7 {[%emt 0:00:27]} 40. fxe5 {[%emt 0:00:38]} Nxe5 {[%emt 0:00:27]} 41. Nxe5 {[%emt 0:01:50]} Qxe5 {[%emt 0:00:26]} 42. Rd5 {[%emt 0:00:56]} Qf6 {[%emt 0:09:25]} 43. e5 {[%emt 0:02:54]} Qf5 {[%emt 0:00:33]} 44. Qd4 {[%emt 0:01:20]} Bc8 {[%emt 0:02:58]} 45. g4 {[%emt 0:06:26]} Qg5 {[%emt 0:04:09]} 46. gxh5 {[%emt 0:02:16]} Bf5 {[%emt 0:05:24]} 47. Rg3 {[%emt 0:05:29]} Qe7 {[%emt 0:02:23]} 48. e6+ {[%emt 0:03:11]} Qf6 {[%emt 0:00:14]} 49. h6+ {[%emt 0:00:17]} 1-0

[Event "WTCC-65 2018"]
[Site "Radebeul"]
[Date "2018.07.15"]
[Round "9"]
[White "Rooze, Jan"]
[Black "Renman, Nils-Gustaf"]
[Result "1/2-1/2"]
[WhiteElo "2314"]
[BlackElo "2343"]
[Annotator "NA"]
[PlyCount "31"]
[EventDate "2018.07.07"]
[EventType "team-tourn"]
[EventCountry "GER"]
[SourceTitle "playchess.com"]
[Source "ChessBase"]
[SourceQuality "1"]
[TimeControl "40/5400+30:1800+30"]

1. Nf3 {[%emt 0:00:00]} d5 {[%emt 0:00:22]} 2. e3 {[%emt 0:00:00]} Nf6 {[%emt 0:00:31]} 3. c4 {[%emt 0:00:13]} e6 {[%emt 0:04:05]} 4. b3 {[%emt 0:02:09]} Be7 {[%emt 0:02:36]} 5. Bb2 {[%emt 0:00:40]} O-O {[%emt 0:00:08]} 6. Nc3 {[%emt 0:02:47]} c5 {[%emt 0:05:31]} 7. cxd5 {[%emt 0:07:20]} exd5 {[%emt 0:03:01]} 8. d4 {[%emt 0:02:55]} Nc6 {[%emt 0:01:25]} 9. Be2 {[%emt 0:01:39]} Ne4 {[%emt 0:22:28]} 10. O-O {[%emt 0:04:41]} Bf6 {[%emt 0:01:15]} 11. Na4 {[%emt 0:04:21]} Bg4 {[%emt 0:06:19]} 12. Rc1 {[%emt 0:01:57]} cxd4 {[%emt 0:04:52]} 13. Nxd4 {[%emt 0:04:21]} Bxe2 {[%emt 0:02:19]} 14. Nxe2 {[%emt 0:00:46]} Bxb2 {[%emt 0:00:11]} 15. Nxb2 {[%emt 0:00:12]} Qf6 {[%emt 0:00:11]} 16. Na4 1/2-1/2

[Event "WTCC-65 2018"]
[Site "Radebeul"]
[Date "2018.07.15"]
[Round "9"]
[White "Faibisovich, Vadim Z"]
[Black "Bellin, Robert"]
[Result "1/2-1/2"]
[WhiteElo "2312"]
[BlackElo "2333"]
[Annotator "NA"]
[PlyCount "40"]
[EventDate "2018.07.07"]
[EventType "team-tourn"]
[EventCountry "GER"]
[SourceTitle "playchess.com"]
[Source "ChessBase"]
[SourceQuality "1"]
[TimeControl "40/5400+30:1800+30"]

1. e4 {[%emt 0:00:00]} e5 {[%emt 0:01:55]} 2. Nf3 {[%emt 0:00:29]} Nc6 {[%emt 0:00:14]} 3. Nc3 {[%emt 0:02:22]} a6 {[%emt 0:05:29]} 4. d4 {[%emt 0:02:15]} exd4 {[%emt 0:04:15]} 5. Nxd4 {[%emt 0:00:44]} Qf6 {[%emt 0:10:39]} 6. Nxc6 {[%emt 0:06:08]} dxc6 {[%emt 0:05:18]} 7. Qf3 {[%emt 0:03:57]} Qxf3 {[%emt 0:03:12]} 8. gxf3 {[%emt 0:00:10]} Bd7 {[%emt 0:03:35]} 9. Be3 {[%emt 0:03:04]} Nf6 {[%emt 0:09:39]} 10. O-O-O {[%emt 0:02:54]} Be7 {[%emt 0:05:18]} 11. Rg1 {[%emt 0:04:31]} g6 {[%emt 0:07:50]} 12. Be2 {[%emt 0:01:22]} O-O-O {[%emt 0:01:34]} 13. f4 {[%emt 0:01:37]} Be6 {[%emt 0:02:14]} 14. Bf3 {[%emt 0:04:27]} Rxd1+ {[%emt 0:00:57]} 15. Kxd1 {[%emt 0:04:09]} Rd8+ {[%emt 0:00:09]} 16. Kc1 {[%emt 0:00:40]} h5 {[%emt 0:01:21]} 17. Rd1 {[%emt 0:08:25]} Ng4 {[%emt 0:04:19]} 18. Rxd8+ {[%emt 0:00:26]} Kxd8 {[%emt 0:00:06]} 19. Bxg4 {[%emt 0:00:28]} Bxg4 {[%emt 0:01:01]} 20. Kd2 {[%emt 0:03:20]} Bb4 {[%emt 0:02:19]} 1/2-1/2

[Event "WTCC-65 2018"]
[Site "Radebeul"]
[Date "2018.07.15"]
[Round "9"]
[White "Pushkov, Nikolai"]
[Black "Bernard, Christophe"]
[Result "1/2-1/2"]
[WhiteElo "2311"]
[BlackElo "2253"]
[Annotator "NA"]
[PlyCount "68"]
[EventDate "2018.07.07"]
[EventType "team-tourn"]
[EventCountry "GER"]
[SourceTitle "playchess.com"]
[Source "ChessBase"]
[SourceQuality "1"]
[TimeControl "40/5400+30:1800+30"]

1. Nf3 {[%emt 0:00:00]} Nf6 {[%emt 0:00:00]} 2. c4 {[%emt 0:00:00]} g6 {[%emt 0:00:00]} 3. Nc3 {[%emt 0:00:00]} c5 {[%emt 0:00:07]} 4. e4 {[%emt 0:00:15]} Nc6 {[%emt 0:00:17]} 5. d4 {[%emt 0:00:11]} cxd4 {[%emt 0:00:07]} 6. Nxd4 {[%emt 0:00:02]} d6 {[%emt 0:00:20]} 7. Be2 {[%emt 0:00:23]} Bg7 {[%emt 0:00:02]} 8. Be3 {[%emt 0:00:12]} O-O {[%emt 0:00:20]} 9. O-O {[%emt 0:00:33]} Bd7 {[%emt 0:00:46]} 10. Qd2 {[%emt 0:01:22]} Nxd4 {[%emt 0:01:05]} 11. Bxd4 {[%emt 0:00:02]} Bc6 {[%emt 0:00:11]} 12. f3 {[%emt 0:00:06]} Nd7 {[%emt 0:01:11]} 13. Be3 {[%emt 0:02:44]} a5 {[%emt 0:03:49]} 14. b3 {[%emt 0:00:34]} Nc5 {[%emt 0:00:58]} 15. Rab1 {[%emt 0:02:43]} Qb6 {[%emt 0:00:49]} 16. Rfc1 {[%emt 0:01:08]} Rfc8 {[%emt 0:05:50]} 17. Rc2 {[%emt 0:01:31]} Qd8 {[%emt 0:01:49]} 18. Bd4 {[%emt 0:04:53]} Qf8 {[%emt 0:13:31]} 19. Bxg7 {[%emt 0:00:53]} Qxg7 {[%emt 0:10:14]} 20. Rd1 {[%emt 0:02:18]} Rf8 {[%emt 0:02:19]} 21. Qd4 {[%emt 0:04:50]} Qxd4+ {[%emt 0:00:58]} 22. Rxd4 {[%emt 0:00:02]} Rfd8 {[%emt 0:01:34]} 23. Rd1 {[%emt 0:01:09]} Rab8 {[%emt 0:04:25]} 24. Rcd2 {[%emt 0:00:32]} Rf8 {[%emt 0:00:02]} 25. Re1 {[%emt 0:06:43]} Rfd8 {[%emt 0:09:41]} 26. Bf1 {[%emt 0:04:21]} Kf8 {[%emt 0:00:17]} 27. Kf2 {[%emt 0:02:12]} Ne6 {[%emt 0:01:49]} 28. g3 {[%emt 0:02:56]} Ke8 {[%emt 0:00:20]} 29. f4 {[%emt 0:09:22]} Nc5 {[%emt 0:02:51]} 30. Bg2 {[%emt 0:06:34]} e6 {[%emt 0:03:49]} 31. Nd5 {[%emt 0:04:53]} b5 {[%emt 0:06:05]} 32. cxb5 {[%emt 0:04:11]} Bxb5 {[%emt 0:01:29]} 33. Nc7+ {[%emt 0:00:22]} Ke7 {[%emt 0:00:20]} 34. Nxb5 {[%emt 0:00:23]} Rxb5 {[%emt 0:00:04]} 1/2-1/2

[Event "WTCC-65 2018"]
[Site "Radebeul"]
[Date "2018.07.15"]
[Round "9"]
[White "Berry, Stephen H"]
[Black "Mishuchkov, Nikolai M"]
[Result "1/2-1/2"]
[WhiteElo "2298"]
[BlackElo "2311"]
[Annotator "NA"]
[PlyCount "33"]
[EventDate "2018.07.07"]
[EventType "team-tourn"]
[EventCountry "GER"]
[SourceTitle "playchess.com"]
[Source "ChessBase"]
[SourceQuality "1"]
[TimeControl "40/5400+30:1800+30"]

1. c4 {[%emt 0:00:00]} e6 {[%emt 0:00:00]} 2. g3 {[%emt 0:00:00]} Nf6 {[%emt 0:00:03]} 3. Bg2 {[%emt 0:00:08]} d5 {[%emt 0:00:09]} 4. Nf3 {[%emt 0:00:11]} dxc4 {[%emt 0:01:02]} 5. Qa4+ {[%emt 0:00:14]} Bd7 {[%emt 0:00:18]} 6. Qxc4 {[%emt 0:00:14]} c5 {[%emt 0:00:05]} 7. O-O {[%emt 0:02:42]} Nc6 {[%emt 0:00:22]} 8. d3 {[%emt 0:05:25]} Rc8 {[%emt 0:01:52]} 9. Qb3 {[%emt 0:07:16]} b6 {[%emt 0:03:12]} 10. Nc3 {[%emt 0:02:44]} Be7 {[%emt 0:00:33]} 11. Bf4 {[%emt 0:01:30]} O-O {[%emt 0:00:34]} 12. Rac1 {[%emt 0:02:58]} Na5 {[%emt 0:10:39]} 13. Qd1 {[%emt 0:02:40]} Bc6 {[%emt 0:00:27]} 14. b3 {[%emt 0:08:32]} Ba8 {[%emt 0:02:07]} 15. e4 {[%emt 0:04:08]} h6 {[%emt 0:04:48]} 16. Qe2 {[%emt 0:02:09]} Nc6 {[%emt 0:00:28]} 17. Rfd1 {[%emt 0:02:30]} 1/2-1/2

[Event "WTCC-65 2018"]
[Site "Radebeul"]
[Date "2018.07.15"]
[Round "9"]
[White "Baum, Bernd"]
[Black "Vogt, Lothar"]
[Result "1/2-1/2"]
[WhiteElo "2280"]
[BlackElo "2376"]
[Annotator "NA"]
[PlyCount "34"]
[EventDate "2018.07.07"]
[EventType "team-tourn"]
[EventCountry "GER"]
[SourceTitle "playchess.com"]
[Source "ChessBase"]
[SourceQuality "1"]
[TimeControl "40/5400+30:1800+30"]

1. d4 {[%emt 0:00:00]} Nf6 {[%emt 0:00:00]} 2. Nf3 {[%emt 0:00:00]} g6 {[%emt 0:00:00]} 3. g3 {[%emt 0:00:00]} Bg7 {[%emt 0:00:00]} 4. Bg2 {[%emt 0:00:00]} O-O {[%emt 0:00:03]} 5. O-O {[%emt 0:00:00]} d6 {[%emt 0:00:11]} 6. Re1 {[%emt 0:00:00]} Nc6 {[%emt 0:05:06]} 7. d5 {[%emt 0:01:38]} Nb4 {[%emt 0:00:17]} 8. e4 {[%emt 0:01:36]} e6 {[%emt 0:04:13]} 9. a3 {[%emt 0:03:11]} Na6 {[%emt 0:00:03]} 10. dxe6 {[%emt 0:00:49]} Bxe6 {[%emt 0:00:23]} 11. h3 {[%emt 0:03:12]} Nc5 {[%emt 0:04:37]} 12. Nd4 {[%emt 0:00:38]} Bd7 {[%emt 0:00:50]} 13. Nc3 {[%emt 0:00:14]} Re8 {[%emt 0:00:49]} 14. Bf4 {[%emt 0:04:30]} Nh5 {[%emt 0:01:57]} 15. Be3 {[%emt 0:00:30]} Nf6 {[%emt 0:00:13]} 16. Bf4 {[%emt 0:00:14]} Nh5 {[%emt 0:00:08]} 17. Be3 {[%emt 0:00:03]} Nf6 1/2-1/2

[Event "WTCC-65 2018"]
[Site "Radebeul"]
[Date "2018.07.15"]
[Round "9"]
[White "Huss, Andreas"]
[Black "Rotstein, Jefim"]
[Result "0-1"]
[WhiteElo "2276"]
[BlackElo "2318"]
[Annotator "NA"]
[PlyCount "30"]
[EventDate "2018.07.07"]
[EventType "team-tourn"]
[EventCountry "GER"]
[SourceTitle "playchess.com"]
[Source "ChessBase"]
[SourceQuality "1"]
[TimeControl "40/5400+30:1800+30"]

1. d4 {[%emt 0:00:00]} f5 {[%emt 0:00:00]} 2. Nc3 {[%emt 0:00:00]} d5 {[%emt 0:00:32]} 3. Bg5 {[%emt 0:00:28]} c6 {[%emt 0:00:45]} 4. e3 {[%emt 0:02:40]} Qb6 {[%emt 0:00:35]} 5. Na4 {[%emt 0:05:24]} Qa5+ {[%emt 0:01:31]} 6. c3 {[%emt 0:01:05]} e5 {[%emt 0:04:14]} 7. b4 {[%emt 0:01:45]} Bxb4 {[%emt 0:04:26]} 8. cxb4 {[%emt 0:00:28]} Qxb4+ {[%emt 0:00:10]} 9. Ke2 {[%emt 0:00:11]} h6 {[%emt 0:04:09]} 10. Bh4 {[%emt 0:08:59]} g5 {[%emt 0:00:40]} 11. f4 {[%emt 0:07:09]} exf4 {[%emt 0:14:12]} 12. Bf2 {[%emt 0:13:41]} b6 {[%emt 0:04:43]} 13. exf4 {[%emt 0:12:38]} Ba6+ {[%emt 0:00:51]} 14. Kf3 {[%emt 0:00:23]} g4+ {[%emt 0:01:24]} 15. Kg3 {[%emt 0:00:45]} Nf6 {[%emt 0:02:11]} 0-1

[Event "WTCC-65 2018"]
[Site "Radebeul"]
[Date "2018.07.15"]
[Round "9"]
[White "Khanukov, Boris"]
[Black "Illi, Hans-Joerg"]
[Result "1-0"]
[WhiteElo "2273"]
[BlackElo "2063"]
[Annotator "NA"]
[PlyCount "87"]
[EventDate "2018.07.07"]
[EventType "team-tourn"]
[EventCountry "GER"]
[SourceTitle "playchess.com"]
[Source "ChessBase"]
[SourceQuality "1"]
[TimeControl "40/5400+30:1800+30"]

1. Nf3 {[%emt 0:00:00]} d5 {[%emt 0:00:55]} 2. g3 {[%emt 0:00:06]} Bg4 {[%emt 0:00:50]} 3. Bg2 {[%emt 0:00:08]} c6 {[%emt 0:00:52]} 4. O-O {[%emt 0:03:02]} Nd7 {[%emt 0:00:49]} 5. d4 {[%emt 0:02:26]} Ngf6 {[%emt 0:01:50]} 6. b3 {[%emt 0:00:57]} e6 {[%emt 0:03:06]} 7. Bb2 {[%emt 0:00:10]} Bxf3 {[%emt 0:02:13]} 8. exf3 {[%emt 0:00:58]} Be7 {[%emt 0:02:18]} 9. Nd2 {[%emt 0:00:48]} O-O {[%emt 0:00:44]} 10. f4 {[%emt 0:00:33]} a5 {[%emt 0:07:11]} 11. a4 {[%emt 0:03:04]} Qb6 {[%emt 0:02:38]} 12. Nf3 {[%emt 0:05:18]} Rfd8 {[%emt 0:02:22]} 13. Qe2 {[%emt 0:04:13]} Qa6 {[%emt 0:01:01]} 14. Qe3 {[%emt 0:02:54]} Ng4 {[%emt 0:09:24]} 15. Qd2 {[%emt 0:00:32]} Bb4 {[%emt 0:00:49]} 16. c3 {[%emt 0:00:24]} Bf8 {[%emt 0:00:11]} 17. Rfe1 {[%emt 0:00:43]} Rac8 {[%emt 0:00:41]} 18. Rab1 {[%emt 0:08:28]} b5 {[%emt 0:09:15]} 19. Bh3 {[%emt 0:05:07]} Ndf6 {[%emt 0:04:04]} 20. Qd3 {[%emt 0:03:14]} Qb7 {[%emt 0:07:55]} 21. f5 {[%emt 0:03:34]} exf5 {[%emt 0:05:31]} 22. Qxf5 {[%emt 0:00:36]} g6 {[%emt 0:01:12]} 23. Qc2 {[%emt 0:00:39]} Rb8 {[%emt 0:03:24]} 24. Nd2 {[%emt 0:09:08]} h5 {[%emt 0:07:06]} 25. Bg2 {[%emt 0:02:54]} Re8 {[%emt 0:05:23]} 26. axb5 {[%emt 0:01:09]} Qxb5 {[%emt 0:01:56]} 27. h3 {[%emt 0:04:40]} Nh6 {[%emt 0:00:56]} 28. Bf1 {[%emt 0:00:57]} Qb7 {[%emt 0:01:04]} 29. Ra1 {[%emt 0:02:01]} Ra8 {[%emt 0:01:13]} 30. Rxe8 {[%emt 0:02:46]} Nxe8 {[%emt 0:00:25]} 31. Ba3 {[%emt 0:01:02]} Nd6 {[%emt 0:03:37]} 32. Bc5 {[%emt 0:01:01]} Nhf5 {[%emt 0:01:32]} 33. Bd3 {[%emt 0:01:53]} Ng7 {[%emt 0:01:49]} 34. Kg2 {[%emt 0:02:00]} Ndf5 {[%emt 0:01:58]} 35. Bxf8 {[%emt 0:01:59]} Kxf8 {[%emt 0:00:11]} 36. Qd1 {[%emt 0:01:12]} Qb6 {[%emt 0:04:12]} 37. b4 {[%emt 0:02:08]} Nxd4 {[%emt 0:00:45]} 38. bxa5 {[%emt 0:01:09]} Qc5 {[%emt 0:00:02]} 39. cxd4 {[%emt 0:00:27]} Qxd4 {[%emt 0:00:07]} 40. Nf3 {[%emt 0:00:23]} Qc3 {[%emt 0:00:32]} 41. a6 {[%emt 0:30:33]} c5 {[%emt 0:30:12]} 42. Rc1 {[%emt 0:00:48]} Qb4 {[%emt 0:00:23]} 43. Rb1 {[%emt 0:00:18]} Qc3 {[%emt 0:00:48]} 44. Bb5 {[%emt 0:02:35]} 1-0

[Event "WTCC-65 2018"]
[Site "Radebeul"]
[Date "2018.07.15"]
[Round "9"]
[White "Giffard, Nicolas"]
[Black "Zhelnin, Vladimir V"]
[Result "1/2-1/2"]
[WhiteElo "2260"]
[BlackElo "2453"]
[Annotator "ChessBase"]
[PlyCount "76"]
[EventDate "2018.07.07"]
[EventType "team-tourn"]
[EventCountry "GER"]
[SourceTitle "playchess.com"]
[Source "ChessBase"]
[SourceQuality "1"]
[TimeControl "40/5400+30:1800+30"]

1. d4 {[%emt 0:00:00]} Nf6 {[%emt 0:00:00]} 2. c4 {[%emt 0:00:00]} g6 {[%emt 0:00:44]} 3. Nc3 {[%emt 0:00:00]} Bg7 {[%emt 0:00:12]} 4. Bg5 {[%emt 0:00:00]} d6 {[%emt 0:00:17]} 5. e3 {[%emt 0:00:28]} Nbd7 {[%emt 0:02:42]} 6. Be2 {[%emt 0:00:38]} O-O {[%emt 0:03:01]} 7. Nf3 {[%emt 0:00:30]} h6 {[%emt 0:02:01]} 8. Bh4 {[%emt 0:00:06]} g5 {[%emt 0:00:21]} 9. Bg3 {[%emt 0:00:08]} Nh5 {[%emt 0:00:20]} 10. Nd2 {[%emt 0:01:49]} Nxg3 {[%emt 0:00:08]} 11. hxg3 {[%emt 0:00:07]} e6 {[%emt 0:00:15]} 12. b4 {[%emt 0:03:46]} c5 {[%emt 0:17:09]} 13. bxc5 {[%emt 0:01:15]} dxc5 {[%emt 0:00:21]} 14. Nb3 {[%emt 0:00:22]} cxd4 {[%emt 0:01:16]} 15. exd4 {[%emt 0:00:11]} Qe7 {[%emt 0:01:56]} 16. O-O {[%emt 0:01:13]} Rd8 {[%emt 0:05:46]} 17. Qc2 {[%emt 0:01:28]} Nf6 {[%emt 0:00:23]} 18. Rfe1 {[%emt 0:01:42]} Bd7 {[%emt 0:06:14]} 19. Bf1 {[%emt 0:00:53]} Rac8 {[%emt 0:00:57]} 20. Qb2 {[%emt 0:02:38]} b6 {[%emt 0:01:00]} 21. Rac1 {[%emt 0:00:46]} Ne8 {[%emt 0:06:49]} 22. Nd5 {[%emt 0:03:28]} Qd6 {[%emt 0:03:23]} 23. Ne3 {[%emt 0:00:09]} Ba4 {[%emt 0:01:45]} 24. Rcd1 {[%emt 0:04:40]} Qc7 {[%emt 0:03:48]} 25. Rd2 {[%emt 0:03:32]} Nd6 {[%emt 0:01:18]} 26. Qb1 {[%emt 0:02:40]} Ne8 {[%emt 0:09:12]} 27. Red1 {[%emt 0:01:06]} Rd6 {[%emt 0:03:43]} 28. d5 {[%emt 0:03:44]} Rcd8 {[%emt 0:02:10]} 29. dxe6 {[%emt 0:01:21]} fxe6 {[%emt 0:00:21]} 30. Rxd6 {[%emt 0:00:59]} Rxd6 {[%emt 0:00:42]} 31. Rxd6 {[%emt 0:00:42]} Nxd6 {[%emt 0:01:49]} 32. Qg6 {[%emt 0:02:11]} Qf7 {[%emt 0:00:47]} 33. Qd3 {[%emt 0:00:07]} Qd7 {[%emt 0:03:13]} 34. Nd4 {[%emt 0:04:22]} Nf7 {[%emt 0:05:53]} 35. Nb5 {[%emt 0:01:15]} Qxd3 {[%emt 0:01:05]} 36. Bxd3 {[%emt 0:00:08]} Ne5 {[%emt 0:00:17]} 37. Be2 {[%emt 0:05:47]} Bxb5 {[%emt 0:00:14]} 38. cxb5 {[%emt 0:00:07]} Kf7 {[%emt 0:00:20]} 1/2-1/2